000 00688nam a22002297a 4500
005 20170124110152.0
010 _a952433
020 _c45.00
035 _a952433
037 _bCen Lib/Ret
040 _aDPL
_bEN
082 _a658.3
_bVER
100 _aVerma, Pramod
_911112
245 _aManagement of industrial relations :
_cby Pramod Verma
_breadings and cases /
260 _aAhmedabad
_bVora Prakashan
_c1979
270 _aKhadia, Gotini Sherj
_bAhmedabad
_e380 001
300 _a434p.
_c20cm(Hb)
500 _aIncludes index
650 _aIndustrial relations
_934159
650 _aEmpiries of industrial relations
_934160
942 _2ddc
_cEN
_h658.3
_mVER
999 _c132258
_d132258